| 000 | 00361nam a22001337a 4500 | ||
|---|---|---|---|
| 999 |
_c14273 _d14273 |
||
| 020 | _a8123910304 | ||
| 082 |
_a624.17 _bTIM/ST |
||
| 100 |
_aTimoshenko,Ste[hen _9364 |
||
| 245 | _aStrength of Materials- Part- I: Elementary Theory and Problems | ||
| 250 | _a3 | ||
| 260 |
_aNew Delhi _bCBS Publishers nd Distributors Pvt.Ltd _c2002 |
||
| 300 | _a442 | ||
| 942 | _cBK | ||